|
|
|
|
| LEADER |
00000cas a2200000 a 4500 |
| 001 |
vtls008696310 |
| 003 |
SK-MaSNL |
| 005 |
20260228155847.0 |
| 008 |
060427d20022011xo fr|p 0 b0slo |
| 022 |
|
|
|a 1336-1600
|
| 035 |
|
|
|a (SVKBB03)vtls000144508
|
| 040 |
|
|
|a SVKPO
|b slo
|c SVKPO
|d SNK
|d SVKBB
|
| 041 |
0 |
|
|a slo
|
| 072 |
|
7 |
|a 2-74
|x Náboženské právo. Cirkevné právo
|2 konspekt
|
| 072 |
|
7 |
|a 34
|x Právo
|2 konspekt
|
| 080 |
|
|
|a 27-74
|2 2011
|
| 080 |
|
|
|a 348
|2 2011
|
| 080 |
|
|
|a 050
|2 2011
|
| 080 |
|
|
|a 2(051)
|2 2011
|
| 210 |
0 |
|
|a Tribunál
|b (Spiš. Podhradie)
|
| 222 |
|
0 |
|a Tribunál
|b (Spišské Podhradie)
|
| 245 |
0 |
0 |
|a Tribunál
|b informácie a články z kánonického a konfesného práva
|
| 260 |
|
|
|a Spišské Podhradie
|b Nadácia Kňazského seminára biskupa Jána Vojtaššáka
|c 2002-2011
|
| 260 |
3 |
|
|3 2011
|a Spišské Podhradie
|b Slovenská spoločnosť kánonického práva
|
| 300 |
|
|
|a 7 zv.
|c 30 cm
|
| 310 |
|
|
|a 2x ročne
|
| 362 |
0 |
|
|a Č. 1 (2002)-roč. 7, č. 2 (2011)
|
| 500 |
|
|
|a Registračné č.: MK SR 2893/2000
|
| 500 |
|
|
|a Zodpovedný red.: Jozef Skupin
|
| 550 |
|
|
|a 2002-2007 vydáva Nadácia Kňazského seminára biskupa Jána Vojtaššáka, Spišské Podhradie pre Cirkevný súd Spišského biskupstva, Spišské Podhradie
|
| 650 |
0 |
7 |
|a kánonické právo
|2 SNKPH
|9 2222
|
| 650 |
0 |
7 |
|a konfesionálne právo
|2 SNKPH
|9 4648
|
| 655 |
|
7 |
|a náboženské časopisy
|2 SNKPH
|9 70790
|
| 700 |
1 |
|
|a Skupin, Jozef,
|d 1962-
|4 lso
|9 265482
|
| 710 |
2 |
|
|a Rímskokatolícka cirkev
|b Spišská diecéza
|b Cirkevný súd (Spišské Podhradie, Slovensko)
|9 265483
|
| 850 |
|
|
|a Štátna vedecká knižnica v Prešove
|
| 852 |
|
|
|a Štátna vedecká knižnica v Banskej Bystrici
|
| 856 |
4 |
|
|u http://tribunal.kapitula.sk/pdf/pdf.htm
|
| 910 |
|
|
|a snk
|
| 958 |
|
|
|a OND
|
| 999 |
|
|
|c 757
|d 757
|
| 952 |
|
|
|0 0
|1 0
|4 0
|7 0
|8 0
|a SNK
|b SNK
|d 2018-09-04
|i snk2018/17895
|l 0
|o snkČSB 6765/2002
|p 17A1328519
|r 2026-02-21 22:26:39
|t len č. 1
|w 2026-02-21
|y PREZ
|
| 952 |
|
|
|0 0
|1 0
|4 0
|7 0
|8 0
|a SNK
|b SNK
|d 2018-09-04
|i snk2018/17895
|l 0
|o snkČSB 6765/2003
|p 17A1328518
|r 2026-02-21 22:26:39
|t č. 1-2
|w 2026-02-21
|y PREZ
|
| 952 |
|
|
|0 0
|1 0
|4 0
|7 0
|8 0
|a SNK
|b SNK
|d 2018-09-04
|i snk2018/17895
|l 0
|o snkČSB 6765/3/2004
|p 17A1328517
|r 2026-02-21 22:26:40
|t č. 1-2
|w 2026-02-21
|y PREZ
|
| 952 |
|
|
|0 0
|1 0
|4 0
|7 0
|8 0
|a SNK
|b SNK
|d 2018-09-04
|i snk2018/17895
|l 0
|o snkČSB 6765/4/2005
|p 17A1328516
|r 2026-02-21 22:26:40
|t č. 1-2
|w 2026-02-21
|y PREZ
|
| 952 |
|
|
|0 0
|1 0
|4 0
|7 0
|8 0
|a SNK
|b SNK
|d 2018-09-04
|i snk2018/17895
|l 0
|o snkČSB 6765/5/2006
|p 17A1328515
|r 2026-02-21 22:26:40
|t č. 1-2
|w 2026-02-21
|y PREZ
|
| 952 |
|
|
|0 0
|1 0
|4 0
|7 0
|8 0
|a SNK
|b SNK
|d 2018-09-04
|i snk2018/17895
|l 0
|o snkČSB 6765/6/2007
|p 17A1328514
|r 2026-02-21 22:26:40
|t č. 1-2
|w 2026-02-21
|y PREZ
|
| 952 |
|
|
|0 0
|1 0
|4 0
|7 0
|8 0
|a SNK
|b SNK
|d 2018-09-04
|i snk2018/17895
|l 0
|o snkČSB 6765/7/2011
|p 17A1328513
|r 2026-02-21 22:26:40
|t č. 1-2
|w 2026-02-21
|y PREZ
|
| 952 |
|
|
|0 0
|1 0
|4 0
|7 0
|8 0
|a SNK
|b SNK
|d 2018-09-04
|i snk2018/17905
|l 0
|o snkČSB 6765/2002 D1
|p 17A1328512
|r 2026-02-21 22:26:40
|t len č. 1
|w 2026-02-21
|y PREZ
|
| 952 |
|
|
|0 0
|1 0
|4 0
|7 1
|8 0
|a SNK
|b SNK
|d 2018-09-04
|i snk2018/17905
|l 0
|o snkČSB 6765/2003 D1
|p 17A1328511
|r 2026-02-21 22:26:40
|t č. 1-2
|w 2026-02-21
|y NEVYP
|
| 952 |
|
|
|0 0
|1 0
|4 0
|7 1
|8 0
|a SNK
|b SNK
|d 2018-09-04
|i snk2018/17905
|l 0
|o snkČSB 6765/3/2004 D1
|p 17A1328510
|r 2026-02-21 22:26:40
|t č. 1-2
|w 2026-02-21
|y NEVYP
|
| 952 |
|
|
|0 0
|1 0
|4 0
|7 1
|8 0
|a SNK
|b SNK
|d 2018-09-04
|i snk2018/17905
|l 0
|o snkČSB 6765/4/2005 D1
|p 17A1328509
|r 2026-02-21 22:26:48
|t č. 1-2
|w 2026-02-21
|y NEVYP
|
| 952 |
|
|
|0 0
|1 0
|4 0
|7 1
|8 0
|a SNK
|b SNK
|d 2018-09-04
|i snk2018/17905
|l 0
|o snkČSB 6765/5/2006 D1
|p 17A1328508
|r 2026-02-21 22:26:48
|t č. 1-2
|w 2026-02-21
|y NEVYP
|
| 952 |
|
|
|0 0
|1 0
|4 0
|7 1
|8 0
|a SNK
|b SNK
|d 2018-09-04
|i snk2018/17905
|l 0
|o snkČSB 6765/6/2007 D1
|p 17A1328507
|r 2026-02-21 22:26:48
|t č. 1-2
|w 2026-02-21
|y NEVYP
|
| 952 |
|
|
|0 0
|1 0
|4 0
|7 0
|8 0
|a SNK
|b SNK
|d 2018-09-04
|i snk2018/17905
|l 0
|o snkČSB 6765/7/2011 D1
|p 17A1328506
|r 2026-02-21 22:26:58
|t č. 1-2, neúplné
|w 2026-02-21
|y PREZ
|z Chýba č. 2
|